| 000 | 00854nam a2200229 a 4500 | ||
|---|---|---|---|
| 001 | 53512 | ||
| 003 | BD-RjUL | ||
| 005 | 20211209075956.0 | ||
| 008 | 161016s1952 ii ||||| |||| 00| 0 ben d | ||
| 020 | _c: IRs 2.00 | ||
| 035 | _a(BD-RjUL)53633 | ||
| 040 |
_aBD-RjUL _bben _cBD-RjUL |
||
| 041 | _aben | ||
| 082 |
_223 _a891.4409 _bBIS 1952 |
||
| 100 |
_aবিষ্ণু দে _9159959 |
||
| 245 | 1 | 0 |
_aসাহিত্যের ভবিষ্যৎ / _cবিষ্ণু দে |
| 260 |
_aকলিকাতা : _bসিগনেট প্রেস, _c১৯৫২ [১৩৫৯] |
||
| 300 |
_a১২৬ পৃ. ; _c২১ সেমি. |
||
| 650 |
_aবাংলা সাহিত্য _xইতিহাস ও সমালোচনা _9159960 |
||
| 650 |
_aBengali Literature _xHistory & Criticism _9159961 |
||
| 942 |
_2ddc _cBK |
||
| 999 |
_c53512 _d53512 |
||